[Event "AUTO-OPEN-1072"]
[Site "http://www.queenalice.com/game.php?id=378598"]
[Date "2008.3.29"]
[Round "1"]
[White "lekochonmasque"]
[Black "diego2907"]
[Result "0-1"]
[WhiteElo "1530"]
[BlackElo "1801"]

1. e4 e5 2. Nf3 d6 3. Nc3 Bg4 4. Bc4 h6 5. h3 Bh5 6. O-O a6 7. d3 Nc6 8. g4 Bg6
9. Be3 Be7 10. Bd5 Qd7 11. a4 Nb4 12. d4 Nxd5 13. Nxd5 Bxe4 14. Ra3 Bxd5 15. c3
h5 16. Kh2 hxg4 17. Nd2 Rxh3+ 18. Kg1 Rh1# 0-1

[Event "AUTO-OPEN-1072"]
[Site "http://www.queenalice.com/game.php?id=378643"]
[Date "2008.3.29"]
[Round "1"]
[White "cristianfln"]
[Black "lekochonmasque"]
[Result "0-1"]
[WhiteElo "1263"]
[BlackElo "1517"]

1. e3 e5 2. f4 Nc6 3. Nf3 Bd6 4. g3 Nf6 5. d4 Qe7 6. fxe5 Nxe5 7. dxe5 Bxe5 8.
Qd3 d6 9. Qb5+ c6 10. Qa5 O-O 11. a4 b6 12. Qd2 Ne4 13. Qd3 d5 14. Ra3 Qb4+ 15.
c3 Qc5 16. Nxe5 Re8 17. Be2 Rxe5 18. Rf1 Bh3 19. Rf4 h6 20. b4 Qc4 21. Qxc4 dxc4
22. Bf3 Rae8 23. Rxe4 Rxe4 24. Bxe4 Rxe4 25. a5 b5 26. a6 Re5 27. Ra2 Rd5 28.
Rf2 Rd3 29. Rf4 g5 30. Re4 f5 31. Re8+ Kf7 32. Ra8 Rd7 33. Nd2 Bg4 34. Rc8 Rd6
35. Rc7+ Ke6 36. Rxa7 Rd8 37. Rc7 Kd6 38. a7 Kxc7 39. e4 Kb7 40. a8=Q+ Kxa8 41.
exf5 Bxf5 42. Nf1 Rd3 43. Bd2 Bh3 44. Ne3 h5 45. Nf5 Bxf5 46. Ke2 Rd5 47. Bxg5
Bg4+ 48. Ke3 Rxg5 49. Kf4 Rg6 50. Ke5 Rg8 51. Kd6 Kb7 52. Ke7 Rg5 53. Kf6 Rf5+
54. Ke6 Rf2+ 55. Ke5 Rxh2 56. Kf4 Rc2 57. Ke4 Rxc3 58. Kd4 Rc1 59. Kc5 c3 60.
Kd4 c2 61. Kd3 Bf5+ 62. Kd2 Rg1 63. Ke3 c1=Q+ 0-1

[Event "AUTO-OPEN-1072"]
[Site "http://www.queenalice.com/game.php?id=378644"]
[Date "2008.3.29"]
[Round "1"]
[White "lekochonmasque"]
[Black "cristianfln"]
[Result "1-0"]
[WhiteElo "1441"]
[BlackElo "1100"]

1. e4 a6 2. d4 b5 3. Be3 Bb7 4. Nc3 e6 5. Bd3 d5 6. Nf3 b4 7. Na4 dxe4 8. Nd2
exd3 9. cxd3 Qd5 10. Qc1 Qxg2 11. Rf1 Nd7 12. Qxc7 Rb8 13. Nb6 Bf3 14. Qxd7# 1-0

[Event "AUTO-INT-857"]
[Site "http://www.queenalice.com/game.php?id=382974"]
[Date "2008.4.6"]
[Round "1"]
[White "Jamtony"]
[Black "lekochonmasque"]
[Result "1-0"]
[WhiteElo "1622"]
[BlackElo "1556"]

1. e4 e5 2. Bc4 Nf6 3. d4 Nc6 4. Nf3 Bb4+ 5. c3 Bd6 6. O-O Nxe4 7. Bd5 O-O 8.
Bxe4 a5 9. Bd5 b6 10. Bg5 Qe8 11. Re1 Kh8 12. dxe5 Be7 13. h4 h6 14. Re3 hxg5
15. Nxg5 f6 16. exf6 Bxf6 17. Rxe8 Rxe8 18. Qh5# 1-0

[Event "AUTO-INT-857"]
[Site "http://www.queenalice.com/game.php?id=382975"]
[Date "2008.4.6"]
[Round "1"]
[White "lekochonmasque"]
[Black "Jamtony"]
[Result "0-1"]
[WhiteElo "1510"]
[BlackElo "1611"]

1. e4 e5 2. Nf3 Nc6 3. Bc4 Qe7 4. Nc3 Nf6 5. d3 Qc5 6. Be3 Nd4 7. Ng5 Qb4 8. Rb1
h6 9. Nxf7 Rg8 10. Nxe5 Ne6 11. O-O Qe7 12. Nb5 d6 13. Ng6 Qf7 14. Nf4 g5 15.
Nxe6 Ke7 16. Nbxc7 Rb8 17. Qf3 Bxe6 18. Qh3 g4 19. Qg3 Bxc4 20. b3 Nh5 21. Qxg4
Rxg4 22. f3 Rh4 23. bxc4 Kd7 24. Nd5 b6 25. Bf2 Be7 26. Bxh4 Bxh4 27. Rb5 Nf4
28. g3 Rg8 29. Kf2 Nh3+ 30. Kg2 Nf4+ 31. Kf2 Nxd5 32. gxh4 Nf4 33. Rg1 Rxg1 34.
Kxg1 Qg6+ 35. Kf2 Qg2+ 36. Ke3 Nh3 37. Kd4 Nf4 38. Rf5 Qxf3 39. Rf7+ Kc6 40. a4
Ne6+ 0-1

[Event "AUTO-INT-857"]
[Site "http://www.queenalice.com/game.php?id=382992"]
[Date "2008.4.6"]
[Round "1"]
[White "lekochonmasque"]
[Black "babidiplay"]
[Result "0-1"]
[WhiteElo "1647"]
[BlackElo "1500"]

1. e4 e5 2. Nf3 Nc6 3. Bc4 Bc5 4. Ng5 Qxg5 5. d3 Qd8 6. Nc3 Nf6 7. O-O O-O 8.
Be3 Bxe3 9. fxe3 d6 10. Nd5 Nxd5 11. Bxd5 Bd7 12. a4 Ne7 13. Ra3 Nxd5 14. exd5
b5 15. b3 bxa4 16. bxa4 Rb8 17. c3 Qh4 18. a5 Rb2 19. g3 Qxh2# 0-1

[Event "AUTO-INT-857"]
[Site "http://www.queenalice.com/game.php?id=382993"]
[Date "2008.4.6"]
[Round "1"]
[White "babidiplay"]
[Black "lekochonmasque"]
[Result "1-0"]
[WhiteElo "1682"]
[BlackElo "1530"]

1. e4 e5 2. Nf3 Nc6 3. Bc4 f6 4. Bd5 Nge7 5. Bxc6 Nxc6 6. Nc3 Bb4 7. O-O d6 8.
d4 Be6 9. dxe5 fxe5 10. Bg5 Qd7 11. a3 h6 12. Bd2 Bc5 13. b4 Bd4 14. Nxd4 Nxd4
15. Be3 Bg4 16. f3 Be6 17. Bxd4 exd4 18. Qxd4 O-O 19. Nd5 Qc6 20. Ne7+ Kf7 21.
Nxc6 bxc6 22. e5 Kg8 23. exd6 Rfd8 24. Qf4 cxd6 25. Rfe1 Bd5 26. Re7 Rac8 27. c4
g5 28. Qd4 Bf7 29. Qxa7 Re8 30. Rxf7 Re2 31. Rh7 1-0

[Event "AUTO-INT-857"]
[Site "http://www.queenalice.com/game.php?id=382994"]
[Date "2008.4.6"]
[Round "1"]
[White "lekochonmasque"]
[Black "blauwmeisje7"]
[Result "1-0"]
[WhiteElo "1450"]
[BlackElo "1211"]

1. e4 e5 2. Nf3 d6 3. Bb5+ Bd7 4. Bc4 Be7 5. Nc3 Ba4 6. Nxa4 c6 7. Ng5 Bxg5 8.
d3 Qa5+ 9. c3 c5 10. Bd5 Bxc1 11. Rxc1 Ne7 12. Bxb7 Ng6 13. Bxa8 Nf4 14. O-O Nc6
15. Bxc6+ Kf8 16. Re1 g5 17. g3 Nh3+ 18. Kg2 Nxf2 19. Kxf2 g4 20. Qxg4 Rg8 21.
Qc8+ Kg7 22. Qg4+ Kh8 23. Qf5 f6 24. Qxf6+ Rg7 25. Bd5 Qxa4 26. Bb3 Qb5 27. c4
Qe8 28. Qxd6 Qh5 29. Qxc5 Rf7+ 30. Kg2 1-0

[Event "AUTO-INT-857"]
[Site "http://www.queenalice.com/game.php?id=382995"]
[Date "2008.4.6"]
[Round "1"]
[White "blauwmeisje7"]
[Black "lekochonmasque"]
[Result "0-1"]
[WhiteElo "1254"]
[BlackElo "1487"]

1. e4 e5 2. Bc4 Nf6 3. Qf3 Bc5 4. d3 d6 5. Bg5 h6 6. Bxf6 Qxf6 7. Qxf6 gxf6 8.
Nf3 Bg4 9. Nh4 Nc6 10. Bd5 O-O-O 11. Nf5 Bxf5 12. Nc3 Nd4 13. exf5 Nxc2+ 14. Kd1
Nxa1 15. Nb5 Bxf2 16. d4 Rhg8 17. Nxa7+ Kb8 18. Nb5 Rxg2 19. Bxg2 c6 20. Na3
Bxd4 21. Nc4 Rg8 22. Nb6 Rxg2 23. b4 e4 24. Nd7+ Kc7 25. Nf8 e3 26. Ke1 Rg5 0-1

[Event "Challenge"]
[Site "http://www.queenalice.com/game.php?id=390752"]
[Date "2008.4.20"]
[Round "-"]
[White "Admilton"]
[Black "lekochonmasque"]
[Result "1-0"]
[WhiteElo "1566"]
[BlackElo "1499"]

1. e3 e5 2. Nh3 Nf6 3. c3 d6 4. d4 Be6 5. Ng5 Be7 6. dxe5 dxe5 7. Bd3 O-O 8. Qe2
h6 9. Nxe6 fxe6 10. Bc2 Nc6 11. g4 e4 12. Nd2 Qd5 13. Bb3 Qe5 14. Nc4 Qd5 15.
Nd2 Qe5 16. f4 Qd6 17. Qg2 a5 18. Nxe4 Nxe4 19. Qxe4 Bh4+ 20. Ke2 Rae8 21. Bd2
Rf6 22. Ba4 Rd8 23. Rad1 Ne7 24. Bc2 Nd5 25. Qh7+ Kf7 26. g5 Rg6 27. Bxg6+ Kf8
28. Qh8+ Ke7 29. Qxg7# 1-0

[Event "AUTO-INT-882"]
[Site "http://www.queenalice.com/game.php?id=394893"]
[Date "2008.4.28"]
[Round "1"]
[White "Kay"]
[Black "lekochonmasque"]
[Result "1-0"]
[WhiteElo "1451"]
[BlackElo "1476"]

1. d4 d5 2. g3 Nc6 3. e3 Bf5 4. h4 Nb4 5. Na3 Nf6 6. Bh3 e6 7. Bxf5 exf5 8. c3
Nc6 9. Qf3 Qd7 10. b4 Ng4 11. Nc2 O-O-O 12. Ba3 Re8 13. b5 Na5 14. b6 axb6 15.
Bb4 Nc4 16. a4 b5 17. axb5 c6 18. Ra8+ Kc7 19. Rxe8 Qxe8 20. Qxf5 g6 21. Qxg4
Qe4 22. Qxe4 dxe4 23. f3 Kb6 24. fxe4 Kxb5 25. Bxf8 Rxf8 26. Nf3 h6 27. Ke2 Re8
28. Rb1+ Ka6 29. g4 Rxe4 30. Kd3 Nd6 31. Ne5 Ka7 32. Na3 Kb8 33. Nac4 b5 34.
Nxd6 Kc7 35. Nxe4 Kd8 36. Nxf7+ Ke7 37. Nxh6 Ke6 38. h5 gxh5 39. gxh5 Kd5 40.
Ng4 Ke6 41. Rf1 Kd5 42. h6 c5 43. dxc5 Kc6 44. h7 Kd5 45. h8=Q Kc6 46. Qh6+ Kd5
47. Rf5# 1-0

[Event "AUTO-INT-882"]
[Site "http://www.queenalice.com/game.php?id=394894"]
[Date "2008.4.28"]
[Round "1"]
[White "lekochonmasque"]
[Black "Kay"]
[Result "0-1"]
[WhiteElo "1459"]
[BlackElo "1462"]

1. e4 e5 2. Nf3 f6 3. Bc4 Nh6 4. d3 g5 5. Be3 g4 6. Nfd2 c6 7. Nc3 b5 8. Ne2
bxc4 9. Nxc4 d5 10. Nd2 Nf7 11. f3 d4 12. Bf2 Bh6 13. O-O Be3 14. a4 gxf3 15.
Nxf3 Ng5 16. h4 Nxf3+ 17. gxf3 Bh3 18. Re1 Rg8+ 19. Kh2 Bxf2 20. Kxh3 Qd7+ 21.
Kh2 Bxe1 22. Qxe1 c5 23. Ra3 c4 24. Qa5 Nc6 25. Qb5 cxd3 26. Rxd3 Rb8 27. Qa6
Rxb2 28. Rd2 Nb4 29. Qc4 Rf8 30. a5 d3 31. Qc3 Rxc2 32. Qxb4 Rxd2 33. Qxd2 dxe2
34. Qxe2 f5 35. Kg3 Qa4 36. Qd2 fxe4 37. Qc3 Rxf3+ 38. Qxf3 exf3 39. Kxf3 Qxh4
40. Ke3 Qa4 41. Kf3 Qxa5 42. Ke4 Qc5 43. Kf5 a5 44. Kf6 e4 45. Kg7 h5 46. Kh6 e3
47. Kg6 e2 48. Kf6 e1=Q 49. Kg6 Qeg1+ 50. Kh6 Qgg5+ 51. Kh7 Kf7 52. Kh8 Qg7# 0-1

[Event "AUTO-INT-882"]
[Site "http://www.queenalice.com/game.php?id=394907"]
[Date "2008.4.28"]
[Round "1"]
[White "lekochonmasque"]
[Black "yugioh1"]
[Result "0-1"]
[WhiteElo "1414"]
[BlackElo "1464"]

1. e4 e6 2. Nf3 d6 3. Nc3 Be7 4. Bb5+ Bd7 5. d3 Bxb5 6. Nxb5 c6 7. Nbd4 Nf6 8.
Be3 Ng4 9. h3 Nxe3 10. fxe3 c5 11. Nb5 Qa5+ 12. Nc3 Bf6 13. Qd2 Bxc3 14. Qxc3
Qxc3+ 15. bxc3 O-O 16. Rb1 b6 17. O-O Nc6 18. d4 cxd4 19. exd4 d5 20. exd5 exd5
21. Rfe1 Nd8 0-1

[Event "AUTO-INT-882"]
[Site "http://www.queenalice.com/game.php?id=394908"]
[Date "2008.4.28"]
[Round "1"]
[White "yugioh1"]
[Black "lekochonmasque"]
[Result "1-0"]
[WhiteElo "1461"]
[BlackElo "1432"]

1. e3 e5 2. Bc4 Nc6 3. Qh5 Qe7 4. b3 g6 5. Qd1 d6 6. Bb2 Nf6 7. Nf3 Bg4 8. Bb5
a6 9. Bxc6+ bxc6 10. O-O Ne4 11. d3 Nc5 12. h3 Bxf3 13. Qxf3 Kd7 14. d4 Ne6 15.
dxe5 Bh6 16. Rd1 Rab8 17. exd6 cxd6 18. Bxh8 Rxh8 19. Nc3 1-0

[Event "AUTO-INT-882"]
[Site "http://www.queenalice.com/game.php?id=394909"]
[Date "2008.4.28"]
[Round "1"]
[White "lekochonmasque"]
[Black "amadeuswags"]
[Result "0-1"]
[WhiteElo "1437"]
[BlackElo "1731"]

1. e4 e5 2. Nf3 Nc6 3. Bc4 Nf6 4. Ng5 d5 5. Bb5 Bd7 6. d3 a6 7. Bxc6 bxc6 8. Be3
Ng4 9. O-O Be7 10. f3 Nxe3 11. Qe2 Nxf1 12. Qxf1 Bxg5 13. Nc3 Be3+ 14. Kh1 f5
15. Qe2 d4 16. Nd1 O-O 17. c3 fxe4 18. dxe4 Qf6 19. Nxe3 dxe3 20. Qxe3 Qf4 21.
Qe2 c5 22. Qc4+ Kh8 23. Qxc5 g5 24. Qxc7 Rfd8 25. Rd1 Kg8 26. Rxd7 Qc1+ 27. Rd1
Qxd1# 0-1

[Event "AUTO-INT-882"]
[Site "http://www.queenalice.com/game.php?id=394910"]
[Date "2008.4.28"]
[Round "1"]
[White "amadeuswags"]
[Black "lekochonmasque"]
[Result "1-0"]
[WhiteElo "1833"]
[BlackElo "1432"]

1. e4 e5 2. Nf3 Nc6 3. Bc4 f6 4. c3 Bc5 5. d4 Be7 6. Qb3 Nh6 7. Bxh6 gxh6 8. Nh4
d6 9. O-O Bd7 10. Be6 Qc8 11. Bxd7+ Qxd7 12. Qxb7 Rg8 13. Qxa8+ Qd8 14. Qxc6+
Qd7 15. Qa8+ Qd8 16. Qxa7 Rg4 17. g3 Rxe4 18. Nd2 Re2 19. Nc4 Kf8 20. Nf5 Kf7
21. dxe5 fxe5 22. Nxh6+ Kg6 23. Ng4 Re4 24. Ngxe5+ dxe5 25. Rfe1 Rxc4 26. Qa6+
Kf7 27. Qxc4+ Ke8 28. Qg8+ Bf8 29. Rxe5+ Qe7 30. Rxe7+ Kxe7 31. Qxh7+ Kd8 32.
Rd1+ Bd6 33. Rxd6+ cxd6 34. h4 d5 35. g4 d4 36. g5 d3 37. Qxd3+ Ke7 38. g6 Kf6
39. Qg3 Kg7 40. Qg5 Kg8 41. g7 Kf7 42. g8=Q# 1-0